সমর সেন : (Record no. 78285)
[ view plain ]
| 000 -LEADER | |
|---|---|
| fixed length control field | 01697nam a2200289 a 4500 |
| 001 - CONTROL NUMBER | |
| control field | 78285 |
| 003 - CONTROL NUMBER IDENTIFIER | |
| rucl marc code | BD-RjUL |
| 005 - DATE AND TIME OF LATEST TRANSACTION | |
| control field | 20211209083119.0 |
| 008 - FIXED-LENGTH DATA ELEMENTS--GENERAL INFORMATION | |
| fixed length control field | 210902s2019 bg a|||| m||| 00| 0 ben d |
| 035 ## - SYSTEM CONTROL NUMBER | |
| System control number | (BD-RjUL)78511 |
| 040 ## - CATALOGING SOURCE | |
| Original cataloging agency | BD-RjUL |
| Language of cataloging | ben /eng |
| Transcribing agency | BD-RjUL |
| Modifying agency | BD-RjUL |
| 041 ## - LANGUAGE CODE | |
| Language code of text/sound track or separate title | ben |
| 082 ## - DEWEY DECIMAL CLASSIFICATION NUMBER | |
| Classification number | 891.44109 |
| Author mark and year | JUS 2019 |
| Edition number | 23 |
| 100 ## - MAIN ENTRY--PERSONAL NAME | |
| Personal name | জুহরী, সৈয়দ তৌফিক |
| 9 (RLIN) | 247346 |
| 245 10 - TITLE STATEMENT | |
| Title | সমর সেন : |
| Remainder of title | কবিমানস ও কাব্যবিচার / |
| Statement of responsibility, etc. | সৈয়দ তৌফিক জুহরী ; |
| Linkage | গবেষণা-তত্ত্বাবধায়ক : শহীদ ইকবাল |
| 246 ## - VARYING FORM OF TITLE | |
| Title proper/short title | Samar Sen: |
| Remainder of title | Poetic Self and Poetics |
| 260 ## - PUBLICATION, DISTRIBUTION, ETC. (IMPRINT) | |
| Place of publication, distribution, etc. | রাজশাহী : |
| Name of publisher, distributor, etc. | বাংলা বিভাগ, রাজশাহী বিশ্ববিদ্যালয়, |
| Date of publication, distribution, etc. | ২০১৯ |
| 300 ## - PHYSICAL DESCRIPTION | |
| Pagination | [৪], ১৯৭ পাতা : |
| Illustrations | চিএ ; |
| Size | ২৯ সেমি. |
| 502 ## - DISSERTATION NOTE | |
| Dissertation note | থিসিস (পিএইচ. ডি.) -- বাংলা বিভাগ, রাজশাহী বিশ্ববিদ্যালয়, ২০১৯ |
| 504 ## - BIBLIOGRAPHY, ETC. NOTE | |
| Bibliography, etc | গ্রন্থপঞ্জি : পাতা [১৭২]-১৯৭ |
| 600 ## - SUBJECT ADDED ENTRY--PERSONAL NAME | |
| Personal name | সেন, সমর, |
| Dates associated with a name | -১৯১৬-১৯৮৭ |
| General subdivision | সমালোচনা ও ব্যাখ্যা |
| Personal name | Sen, Somor |
| Dates associated with a name | -1916-2008 |
| General subdivision | Criticism and Interpretation |
| 650 ## - SUBJECT ADDED ENTRY--TOPICAL TERM | |
| Topical term or geographic name as entry element | বাংলা কবিতা |
| General subdivision | ইতিহাস ও সমালোচনা |
| 9 (RLIN) | 247444 |
| Topical term or geographic name as entry element | Bengali Poetry |
| General subdivision | History & Criticism |
| 9 (RLIN) | 247445 |
| 700 ## - ADDED ENTRY--PERSONAL NAME | |
| Personal name | ইকবাল, শহীদ, গবেষণা-তত্ত্বাবধায়ক |
| 942 ## - ADDED ENTRY ELEMENTS (KOHA) | |
| Source of classification or shelving scheme | Dewey Decimal Classification |
| Koha item type | Theses |
| Lost status | Source of classification or shelving scheme | Damaged status | Not for loan | Collection code | Permanent Location | Current Location | Shelving location | Date acquired | Source of acquisition | Total Checkouts | Full call number | Date last seen | Copy number | Koha item type |
|---|---|---|---|---|---|---|---|---|---|---|---|---|---|---|
| Dewey Decimal Classification | Not For Loan | Theses | Central Library, University of Rajshahi | Central Library, University of Rajshahi | Documentation Section | 20/12/2020 | Controller of Exam., R.U | BTHE 891.44109 JUS 2019 | 02/09/2021 | C-1 | Theses |